000 00475nam a2200133Ia 4500
008 100328s9999 xx 000 0 und d
082 _b11923
100 _aभावे पु.भा.
245 _aप्रथम पुरुषी एकवचनी (खंड-1)
260 _bहंस
630 _aप्रथम पुरुषी एकवचनी (खंड-1)
730 _aप्रथम पुरुषी एकवचनी (खंड-1)
942 _cBOOK
999 _c507227
_d507224